000 00785nam a22001815i 4500
001 157814
003 ES-MaACL
005 20230906210846.0
008 040818s1875 sp a |||| | spa d
040 _aCAM
_bspa
_cCAM
100 1 _aLivingstone, David (
_d1813-1873)
_9128982
245 1 3 _aEl interior de Africa
_b: viages del doctor David Lingstone en el Africa Austral y valle del Zambese de 1840 á 1864.
260 _aValencia :
_b[s.n.],
_c1875 (
_fImprenta de José Domenech)
300 _a265 p., [1] h. pleg. de mapa ;
_c22 cm.
599 _aLa h. pleg. de mapa: "Lit. Pablo, P. Miquelette, 8 Valª"
651 4 _aÁfrica-
_xDescubrimientos y exploraciones.
_9137014
852 _aES-MaACL
_jB-3527
_z-- Rust. deteriorada falto de la cub. posterior
_z-- Legado M. de la Fuente
999 _c157814
_d157814